| Tag |
First Indicator |
Second Indicator |
Subfields |
| LEADER |
00000cam a22000008a 4500 |
| 001 |
in00001182021 |
| 005 |
20151002051410.0 |
| 008 |
931102s1994 dcubf b 000 0 eng |
| 010 |
|
|
|a 93043458
|
| 020 |
|
|
|a 0870030310 (pbk.) :
|c $10.95
|
| 035 |
|
|
|a (OCoLC)29357274
|
| 035 |
|
|
|9 AGH3280AM
|
| 040 |
|
|
|a DLC
|c DLC
|d OBE
|d TXA
|d UtOrBLW
|
| 043 |
|
|
|a a-ir---
|
| 049 |
|
|
|a TXAM
|
| 050 |
1 |
4 |
|a DS318.83
|b .C48 1994
|
| 082 |
0 |
0 |
|a 327.55
|2 20
|
| 100 |
1 |
|
|a Chubin, Shahram.
|
| 245 |
1 |
0 |
|a Iran's national security policy :
|b intentions, capabilities, & impact /
|c by Shahram Chubin.
|
| 263 |
|
|
|a 9312
|
| 264 |
|
1 |
|a Washington, D.C. :
|b Carnegie Endowment for International Peace,
|c [1994]
|
| 264 |
|
4 |
|c ©1994
|
| 300 |
|
|
|a xii, 106 pages, 1 unnumbered folded leaf of plates :
|b maps (some color) ;
|c 23 cm.
|
| 336 |
|
|
|a text
|b txt
|2 rdacontent
|
| 337 |
|
|
|a unmediated
|b n
|2 rdamedia
|
| 338 |
|
|
|a volume
|b nc
|2 rdacarrier
|
| 500 |
|
|
|a "A Carnegie Endowment book."
|
| 504 |
|
|
|a Includes bibliographical references (pages 81-106).
|
| 651 |
|
0 |
|a Iran
|x Foreign relations
|y 1979-1997.
|
| 650 |
|
0 |
|a National security
|z Iran.
|
| 999 |
|
|
|a MARS
|
| 999 |
f |
f |
|s ee9d3630-9efb-3150-b1b2-32fe7a56af29
|i 2add57ea-b54a-38c5-9811-3e6f0d5b5f34
|t 0
|
| 952 |
f |
f |
|p ric
|a Texas A&M University
|b Rellis Campus
|c Joint Library Facility
|d Remote Storage
|t 0
|e DS318.83 .C48 1994
|h Library of Congress classification
|i unmediated -- volume
|m A14818454066
|
| 998 |
f |
f |
|a DS318.83 .C48 1994
|t 0
|l Remote Storage
|